| 000 | 01814nam a2200505 i 4500 | ||
|---|---|---|---|
| 001 | 44054 | ||
| 003 | KOSZ 005 | ||
| 005 | 20240405063145.0 | ||
| 008 | 220811s2003 pl a g 000 0 pol d | ||
| 040 |
_aKOSZ 005 _cKOSZ 005/RW |
||
| 045 |
_bd1968 _bd2003 |
||
| 046 | _k2003 | ||
| 080 | _a796-057.875 | ||
| 080 | _a061.23(438)"1944/..." | ||
| 245 | 0 | 0 |
_a35 lat sportu akademickiego w Koszalinie w okresie 1968-2003 / _cpod redakcją Leona Kukiełki, Leszka R. Wojciechowskiego. |
| 250 | _aWydanie I. | ||
| 260 |
_aKoszalin : _bMAGRAF, _c2003. |
||
| 300 |
_a228 stron : _bilustracje ; _c24 cm. |
||
| 336 |
_aTekst _btxt _2rdacontent |
||
| 337 |
_aBez urządzenia pośredniczącego _bn _2rdamedia |
||
| 338 |
_aWolumin _bnc _2rdacarrier |
||
| 380 | _aKsiążki | ||
| 388 | 1 | _a2001- | |
| 490 | 1 |
_aZeszyty Historyczne Akademickiego Związku Sportowego, _x1427-2776 |
|
| 610 | 2 | 7 | _aAkademicki Związek Sportowy |
| 648 | 7 | _a1901-2000 | |
| 648 | 7 | _a1945-1989 | |
| 648 | 7 | _a1989-2000 | |
| 648 | 7 | _a2001- | |
| 650 | 7 | _aSport | |
| 650 | 7 | _aOrganizacje | |
| 650 | 7 | _aStudenci | |
| 650 | 7 | _aSzkoły wyższe | |
| 651 | 7 | _aKoszalin (woj. zachodniopomorskie) | |
| 651 | 7 | _aPolska | |
| 655 | 7 | _aPraca zbiorowa | |
| 658 | _aHistoria | ||
| 658 | _aKultura fizyczna i sport | ||
| 700 | 1 |
_aWojciechowski, Leszek _eRedakcja |
|
| 700 | 1 |
_aKukiełka, Leon _d(1951- ) _eRedakcja |
|
| 830 | 0 | _aZeszyty Historyczne Akademickiego Związku Sportowego | |
| 856 |
_uhttp://dlibra.tu.koszalin.pl/dlibra/docmetadata?id=96&from=&dirids=1&ver_id=&lp=1&QI= _yBiblioteka Cyfrowa |
||
| 856 |
_uhttp://koha.tu.koszalin.pl/cgi-bin/koha/opac-detail.pl?biblionumber=44054 _yKatalog online BPK |
||
| 942 |
_2UKD _cKS |
||
| 999 |
_c44054 _d44054 |
||